| 000 -LEADER |
| fixed length control field |
00682nam a2200181Ia 4500 |
| 001 - CONTROL NUMBER |
| control field |
9167 |
| 003 - CONTROL NUMBER IDENTIFIER |
| control field |
GE_BSU |
| 005 - DATE AND TIME OF LATEST TRANSACTION |
| control field |
20240610110057.0 |
| 008 - FIXED-LENGTH DATA ELEMENTS--GENERAL INFORMATION |
| fixed length control field |
181216s1985||||ru |||||||||||||| ||rus|| |
| 040 ## - CATALOGING SOURCE |
| Transcribing agency |
GE_BSU |
| 080 ## - UNIVERSAL DECIMAL CLASSIFICATION NUMBER |
| Universal Decimal Classification number |
615.834 К-93 |
| 245 ## - TITLE STATEMENT |
| Title |
Курортология и физиотерапия в 2-х томах : |
| Remainder of title |
Т.2 / |
| Statement of responsibility, etc. |
Под ред. В. М. Боголюбова ; Ред. сост. В. Д. Григорьева. |
| 264 ## - PRODUCTION, PUBLICATION, DISTRIBUTION, MANUFACTURE, AND COPYRIGHT NOTICE |
| Place of production, publication, distribution, manufacture |
Москва : |
| Name of producer, publisher, distributor, manufacturer |
Медицина, |
| Date of production, publication, distribution, manufacture, or copyright notice |
1985. |
| 300 ## - PHYSICAL DESCRIPTION |
| Extent |
638 стр. ; |
| Dimensions |
22 см. |
| 500 ## - GENERAL NOTE |
| General note |
Предметный указатель стр. 636-638 |
| 653 ## - INDEX TERM--UNCONTROLLED |
| keyword |
Курортология и физиотерапия |
| 942 ## - ADDED ENTRY ELEMENTS (KOHA) |
| Koha item type |
წიგნი |
| Source of classification or shelving scheme |
|